01378nam a2200229 i 4500003000900000005001700009006001900026007000300045008004100048040003000089082001400119100004200133245014800175260002700323264003700350300007400387336002800461337003200489338002800521505054900549700005001098DO-SdBNP20230801155924.0a||||gr|||| 00| 0 ta230731e1985 dr aoc|| |||| 00| 0 spa d aDO-SdBNPbspacBNPHUerda 4222bF385g1 aFerreras, Ramón Alberto,d193?-199310aGuerra Patria:bSanto Domingo 28 de abril 1965, 1ro. de octubre 1966. /cRamón alberto Ferreras; fotomecánica, Apolinar Javier Rodríguez. a2a. edición avanzada aSanto Domingo :bNordeste,c1985 a539, [37] páginasbIlustraciones, fotografías, retratos ;c20 cm. 2rddacontentatextobtxt 2rdamediaasin mediciónbn 2rdacarrieravolumenbnc aDedicatoria.-- Prólogo a la Segunda Edición.-- Prólogo a la Primera Edición.tCarta de Manuel Ramón Montes Arache.-- Los Vacilantes.-- Un Campesino.-- El Padre.-- Prostitutas.-- Un Joven Campesino.-- Abril de 1965.-- Un Soldado del Pueblo.-- El Hombre en el Puente.-- Al Otro Lado del Muro.-- El Asalto al Palacio Nacional.-- Illio Capuci. y los Otros.-- La Insurrección y sus Comienzos.-- Ese muchacho Terrible.-- La Amenaza del Exterminio.-- Interrogatorio al Sargento Luis A. Dalmasí M.-- Veinte Años Después.-- Apédice.1 aRodríguez, Apolinar Javier,efotomecánica